| 000 | 00624nam a2200229 a 4500 | ||
|---|---|---|---|
| 005 | 20140310183455.0 | ||
| 008 | 100114s19uu xx 00 eng d | ||
| 020 | _a9789715848695 | ||
| 050 |
_aQD 415.5 _b.C47 2009 |
||
| 100 | _aChua-Suba, Sally M. | ||
| 245 |
_aLaboratory manual in Biochemistry / _cSally M. Chua-Suba. |
||
| 260 |
_aQuezon City : _bC & E Publishing, Inc, _c2009. |
||
| 300 |
_a156 p. : _c26 cm. |
||
| 521 | _aNUR | ||
| 650 |
_aBiochemistry _xLaboratory manual. |
||
| 942 |
_cBK _2lcc _kLOC |
||
| 999 |
_c23606 _d23606 |
||